000 00672nam a2200205Ii 4500
003 JO-AjNU
008 230605s9999||||xx |||||||||||||| ||und||
040 _aJO-AjNU
_bara
_erda
_cJO-AjNU
041 _aara
050 1 4 _aPJ7692.E8.O42 1983
100 3 _aتأليف أوكارا، غابرييل ؛ ترجمة نزار مروة,
_eauthor
_935587
245 0 0 _aالصوت
264 3 1 _aبيروت:مؤسسة الأبحاث العربية،1983
300 _a88ص
336 _atext
_btxt
_2rdacontent
337 _aunmediated
_bn
_2rdamedia
338 _avolume
_bnc
_2rdacarrier
490 0 _aذاكرة الشعوب 10
650 4 _aذاكرة الشعوب 10
_935588
999 _aA14707
_c18275
_d18275